Fundamentals of signal and systems / (Record no. 592706)
[ view plain ]
| 000 -LEADER | |
|---|---|
| fixed length control field | 01411nam a22001697a 4500 |
| 003 - CONTROL NUMBER IDENTIFIER | |
| control field | NUST |
| 020 ## - INTERNATIONAL STANDARD BOOK NUMBER | |
| International Standard Book Number | 0070702217 |
| 082 ## - DEWEY DECIMAL CLASSIFICATION NUMBER | |
| Classification number | 621.3822,ROB |
| 100 ## - MAIN ENTRY--PERSONAL NAME | |
| Personal name | Roberts, Michael J. |
| 9 (RLIN) | 65660 |
| 245 ## - TITLE STATEMENT | |
| Title | Fundamentals of signal and systems / |
| Statement of responsibility, etc. | Michael J. Roberts & Govind Sharma |
| 250 ## - EDITION STATEMENT | |
| Edition statement | 2nd Edition |
| 260 ## - PUBLICATION, DISTRIBUTION, ETC. | |
| Place of publication, distribution, etc. | McGraw Hill |
| Name of publisher, distributor, etc. | India |
| Date of publication, distribution, etc. | 2010 |
| 300 ## - PHYSICAL DESCRIPTION | |
| Extent | xxi, 766 p |
| 505 ## - FORMATTED CONTENTS NOTE | |
| Formatted contents note | Introduction (Page-1), Mathematical description of continuous time signals (Page-18), Mathematical description of discrete time signals (Page-69), Random signals- Continuous time (Page-104), Random signals- Discrete tieme (Page-129), Properties of continuous time systems (Page-139), Discrete time systems properties (Page-169), Time domain analysis of continuous time systems (Page-180), Time domain analysis of discrete time systems (Page-213), The continuous time fourier systems (Page-243), The discrete time fourier series (Page-291), The continuous time fourier transform (Page-335), The discrete time fourier transorm (Page-385), Continuous time fourier transform analysis (Page-422), Discrete time fourier transform analysis of signals and system (Page-452), Sampling and the discrete fourier transform (Page-475), Correlation, energy spectral density and power spectral (Page-521), The laplace transform (Page-556), The z transform (Page-632). |
| 650 ## - SUBJECT ADDED ENTRY--TOPICAL TERM | |
| Topical term or geographic name entry element | Fundamentals of signal and systems |
| 9 (RLIN) | 105037 |
| 942 ## - ADDED ENTRY ELEMENTS (KOHA) | |
| Source of classification or shelving scheme | |
| Koha item type | Book |
| Withdrawn status | Lost status | Source of classification or shelving scheme | Damaged status | Not for loan | Permanent Location | Current Location | Shelving location | Date acquired | Full call number | Barcode | Date last seen | Price effective from | Koha item type | Public note |
|---|---|---|---|---|---|---|---|---|---|---|---|---|---|---|
| Military College of Signals (MCS) | Military College of Signals (MCS) | General Stacks | 12/16/2022 | 621.3822,ROB | MCS37763 | 12/16/2022 | 12/16/2022 | Book | Almirah No.37, Shelf No.1 |
